Statistics for NBA 7 Assists Per Game in the 2010s

Click here to take the quiz!

General Stats

  • This quiz has been taken 117 times
  • The average score is 17 of 32

Answer Stats

Answer% Correct
6LeBron James
96%
2Stephen Curry
95%
10Chris Paul
92%
8Russell Westbrook
92%
5James Harden
84%
7Rajon Rondo
81%
3Steve Nash
78%
2Jason Kidd
75%
1Nikola Jokic
70%
6John Wall
67%
3Kyle Lowry
65%
2Tony Parker
65%
3Jrue Holiday
63%
1Trae Young
63%
3Draymond Green
62%
4Deron Williams
61%
1Derrick Rose
59%
5Ricky Rubio
56%
2Ben Simmons
52%
1Goran Dragic
45%
1De'Aaron Fox
43%
1D'Angelo Russell
41%
1Baron Davis
39%
4Jeff Teague
37%
2Ty Lawson
28%
2Jameer Nelson
27%
1Raymond Felton
20%
1Andre Miller
19%
1Brandon Jennings
19%
1Devin Harris
17%
3Jose Calderon
17%
1Greivis Vasquez
4%

Score Distribution

Percentile by Number Answered

Percent of People with Each Score

Your Score History

You have not taken this quiz